| 000 | 00965nam1a22002411 4500 | ||
|---|---|---|---|
| 001 | rc\3041912 | ||
| 005 | 20111006133755.9 | ||
| 035 | _a(NLR Aleph) 007182088 | ||
| 090 |
_a7451783 _c7451783 |
||
| 100 | _a20111006d1935 |||y0rusy50 ca | ||
| 101 | 0 | _arus | |
| 102 | _aRU | ||
| 105 | _ay z ||||| | ||
| 200 | 1 |
_aЯзыки Зарубежного Востока _eСборник ... № 1- _fПод ред. проф. К. Алавердова |
|
| 210 |
_aМосква _cНИАНКП _d1935 _e[Серпухов] _gтип. "Мособлполиграф" |
||
| 215 | _d22х15 см | ||
| 225 | 1 |
_aЛингвистическая комиссия _fНауч.-исслед. ассоц. по изучению нац. и колониальных проблем |
|
| 702 | 1 |
_aАлавердов _bК. А. _gКонстантин Александрович _4340 |
|
| 801 | 0 |
_aRU _bNLR _gpsbo |
|
| 801 | 1 |
_aRU _bELAR _2rusmarc |
|
| 852 |
_aNLR _j31-17/231(19) |
||
| 942 | _cBOOK | ||
| 980 | _aNB | ||